Vplyv aditív na štruktúru a mechanické vlastnosti syntetických vlákien

Enregistré dans:
Détails bibliographiques
Auteur principal: Ujhelyiová, Anna
Format: Livre
Langue:slovaque
Publié: Bratislava STU FCHPT 2004
Édition:1. vyd.
Accès en ligne:Voir à l'OPAC
Tags: Ajouter un tag
Pas de tags, Soyez le premier à ajouter un tag!

MARC

LEADER 00000nam a2200000 a 4500
005 20260127133948.0
008 050317 2004 xo 000 0 slo d
035 |a vtls001520156 
039 9 |y 200503170916  |z mschk03 
040 |a STUSCHK1  |b slo  |c STUSCHK1  |e AACR2 
100 1 |a Ujhelyiová, Anna  |9 1086 
245 1 |a Vplyv aditív na štruktúru a mechanické vlastnosti syntetických vlákien 
250 |a 1. vyd. 
260 |a Bratislava  |b STU FCHPT  |c 2004 
300 |a 40 s. + príloha 
500 |a Obháj.: 13.1.2005. Katedra vlákien a textilu 
910 |a SCHK95 
999 |c 997  |d 997